Zvrácená oběť /

Příběh z krimisérie s Lucasem Davenportem. Jeho protivník bude tentokrát velmi vlivný a velmi bezohledný.

Hlavní autor: Sandford, John, 1944 únor 23.-
Další autoři: Zetka, Radim
Jazyk: Čeština
Vydáno: Praha : BB/art, 2019
Vydání: První vydání v českém jazyce
Témata:
Fyzický popis: 303 stran ; 22 cm
Knihy
Uloženo v:
LEADER 02617cam a2200457 i 4500
001 nkc20193084656
003 CZ PrNK
005 20190804211537.0
007 ta
008 190502s2019 xr g 000 f cze d
015 |a cnb003084656 
020 |a 978-80-7595-188-5  |q (vázáno) 
035 |a (OCoLC)1111957094 
040 |a TUG001  |b cze  |d ABG001  |e rda 
041 1 |a cze  |h eng 
072 7 |a 821.111(73)-3  |x Americká próza  |2 Konspekt  |9 25 
080 |a 821.111(73)-31  |2 MRF 
080 |a (0:82-312.4)  |2 MRF 
100 1 |a Sandford, John,  |d 1944 únor 23.-  |7 jo20010092705  |4 aut 
240 1 0 |a Twisted prey.  |l Česky  |7 aun20191043928 
245 1 0 |a Zvrácená oběť /  |c John Sandford ; přeložil Radim Zetka 
250 |a První vydání v českém jazyce 
264 1 |a Praha :  |b BB/art,  |c 2019 
300 |a 303 stran ;  |c 22 cm 
336 |a text  |b txt  |2 rdacontent 
337 |a bez média  |b n  |2 rdamedia 
338 |a svazek  |b nc  |2 rdacarrier 
500 |a Přeloženo z angličtiny 
520 2 |a Příběh z krimisérie s Lucasem Davenportem. Jeho protivník bude tentokrát velmi vlivný a velmi bezohledný.  |b Davenporta požádá o pomoc senátor Smalls, kterého se někdo pokusil zabít zvlášť rafinovaným způsobem. Když se Lucas se svými spolupracovníky vydá po nejisté stopě, začnou umírat další lidé. Nikdo se nesmí třeba jen přiblížit k osobě, která za všemi zločiny včetně nelegálních obchodů se zbraněmi stojí. Davenport byl přesvědčený, že bohatá psychopatka Taryn Grantová má na svědomí nejméně tři vraždy, ale své podezření nikdy nebyl schopný dokázat. Jakmile však psychopat jednou přičichne ke krvi, potřeba zabíjet ho po čase přemůže, a tak Lucas tušil, že se s Grantovou opět brzy setká. Když nyní zastává funkci federálního maršála, zjistí, že Grantová díky křeslu v senátním Výboru pro zpravodajskou činnost získala spoustu kontaktů, které jsou pro ni velmi užitečné. Odhalit, co je na těchto zvěstech pravdivé, však bude tvrdý oříšek. A smrtelně nebezpečný. Nakladatelská anotace. Kráceno. 
655 7 |a americké romány  |7 fd131796  |2 czenas 
655 7 |a detektivní romány  |7 fd132010  |2 czenas 
655 9 |a American fiction  |2 eczenas 
655 9 |a detective novels  |2 eczenas 
700 1 |a Zetka, Radim  |7 xx0092649  |4 trl 
787 0 8 |i Z cyklu:  |t Lucas Davenport  |g 28 
910 2 |a BOA001  |b 2-1427.436 
920 |a 4476152  |z ABG001 
990 |a BK 
995 |a 01 
991 |b 201905  |c NOV 
996 6 |b 2610781124  |c 2-1427.436  |l MZK  |r Sklad / do 1 hodiny  |n 2  |p p.v.  |w 001722840  |u 000010  |a 1  |e BOA001  |j MZK50  |s P